000 00417nam a2200145Ia 4500
008 210210b1975 xxu||||| |||| 00| 0 eng d
082 _a820.5 GANY
100 _aGANDHI (Indira).
245 _aYears of endeavour:selected speeches of Indira Gandhi August 1969 -Aug 1972..
260 _aN D
_bDAVP Govt. of India
_c1975
300 _axx,827
650 _aIndira Gandhi
690 _aEnglish Speeches
906 _a031863
999 _c82991
_d82991